Hacia una antropología de los mundos contemporáneos

Guardat en:
Dades bibliogràfiques
Autor principal: Augé, Marc (Autor)
Format: Llibre
Idioma:espanyol
Publicat: Barcelona Gedisa 1996
Col·lecció:Colección El Mamífero Parlante. Serie Mayor
Matèries:
Etiquetes: Afegir etiqueta
Sense etiquetes, Sigues el primer a etiquetar aquest registre!

MARC

LEADER 00000cam a2200000 a 4500
001 UCM6394
003 CL-VaPUC
005 20250108095051.0
008 021108e19960000SP |||||||||||||||||spa|d
999 |c 301801  |d 301799 
020 |a 8474325749 
040 |c Pontificia Universidad Católica de Valparaíso 
082 0 4 |a 301  |b AUG  |2 21 
100 0 |a Augé, Marc  |e author  |9 472216 
245 1 0 |a Hacia una antropología de los mundos contemporáneos 
260 |a Barcelona  |b Gedisa  |c 1996 
300 |a 165 p 
490 0 |a Colección El Mamífero Parlante. Serie Mayor 
583 |a last modification  |c 20151022 04:22:23  |k Rodrigo Vera 
650 0 |a Antropología filosófica  |9 265842 
650 0 |a Sociedades  |9 259052 
650 0 |a Naturaleza humana   |9 308593 
650 0 |a Medios de comunicación de masas  |9 257273 
650 0 |a Sociología   |9 255410 
942 |c BK  |2 ddc 
945 |d 20021108 00:00:00  |a cmena 
952 |0 0  |1 0  |4 0  |6 301_000000000000000_AUG_1996  |7 0  |8 A  |9 361453  |a BIBHIS  |b BIBHIS  |d 2019-11-21  |i 3854760  |o 301 AUG 1996  |p 3854760  |r 2025-01-20  |w 2019-11-21  |y BK  |k HIS 
952 |0 0  |1 0  |4 0  |6 301_000000000000000_AUG_1996  |7 0  |8 A  |9 361454  |a BIBGIM  |b BIBGIM  |d 2019-11-21  |i 4290283  |o 301 AUG 1996  |p 4290283  |r 2025-01-15  |w 2019-11-21  |y BK  |k COM 
952 |0 0  |1 0  |4 0  |6 301_000000000000000_AUG_1996  |7 0  |8 A  |9 361455  |a BIBGIM  |b BIBGIM  |d 2019-11-21  |i 4308840  |o 301 AUG 1996  |p 4308840  |r 2025-01-15  |w 2019-11-21  |y BK  |k COM 
952 |0 0  |1 0  |4 0  |6 301_000000000000000_AUG_1996  |7 0  |8 A  |9 361456  |a BIBGIM  |b BIBGIM  |d 2019-11-21  |i 4503759  |o 301 AUG 1996  |p 4503759  |r 2025-01-15  |w 2019-11-21  |y BK  |k SSL 
952 |0 0  |1 0  |3 erb  |4 0  |6 301_000000000000000_AUG_1996  |7 0  |8 A  |9 361457  |a BIBTEO  |b BIBTEO  |i 5244676  |o 301 AUG 1996  |p 5244676  |r 2025-01-17  |w 2019-11-21  |y BK  |z Catalogado en:20151022  |k ICR